000 02190nam0a2200421 4500
001 RU\NLR\bibl\800165
005 20260407113112.0
010 _a5-94856-077-5
_bв обл.
_9120
021 _aRU
_b2004-47515
_92343
035 _a(NLR Aleph) 000789342
035 _aRSL-KNO-002458269
090 _a1111738
_c1111738
100 _a20040810d2004 |||y0rusy50 ca
101 0 _arus
_aeng
102 _aRU
105 _ay |||||||||
106 _ar
200 1 _aКанада и Россия: из прошлого в будущее
_eматериалы третьих Канад. чтений, 20 апр. 2004 г.
_f[Отв. ред.: Ю. Г. Акимов]
210 _aСПб.
_cАстерион
_d2004
215 _a183 с.
_cил.
_d20
300 _aВ надзаг.: Рос. о-во изуч. Канады, С.-Петерб. отд-ние
300 _aЧасть текста на англ. яз.
607 _aКанада
_jСъезды, совещания и т.п.
_xВзаимоотношения с Россией
_92381517
_3RU\NLR\auth\661420873
607 _aКанада
_jСъезды, совещания и т.п.
_xВзаимоотношения
_yРоссия
_92381515
_3RU\NLR\auth\661420872
607 _aРоссия
_jСъезды, совещания и т.п.
_xВзаимоотношения с Канадой
_92381513
_3RU\NLR\auth\661420871
607 _aРоссия
_jСъезды, совещания и т.п.
_xВзаимоотношения
_yКанада
_92381510
_3RU\NLR\auth\661420870
610 0 _aИстория. Исторические науки -- История зарубежных стран -- Канада -- 1992- -- Материалы конференции
686 _aТ3(7Кан)64я431(0)
_2rubbk
686 _aТ3(2)0-64(7Кан)я431
686 _aТ3(7Кан)0-64(2)я431
702 1 _aАкимов
_bЮ. Г.
_gЮрий Германович
_4340
711 1 2 _aКанадские чтения
_d3
_f2004
_eСанкт-Петербург
_3RU\NLR\AUTH\8810065139
_9631864
801 0 _aRU
_bRuMoRKP
_c20040810
_grcr
801 1 _aRU
_bRuMoRGB
_c20040810
801 2 _aRU
_bNLR
_c20050517
_gPSBO
942 _cBOOK
980 _aNB